| 000 | 01044cam a22003257a 4500 | ||
|---|---|---|---|
| 003 | CHAP | ||
| 005 | 20220329133754.0 | ||
| 008 | 971013s1963 fr a r 00010 fre d | ||
| 010 | _a10659 | ||
| 011 | _a11631 | ||
| 035 | _a10870 | ||
| 040 | _cCHAP | ||
| 082 | 0 | 0 |
_a634.772 _bC4 |
| 100 | 0 | 0 |
_aChampion, Jean. _921798 |
| 245 | 1 | 3 | _aLe bananier |
| 260 |
_aParis. : _bG.P. Maisonneuve, _c1963 |
||
| 300 |
_a263 p. _b: ilus |
||
| 490 | 0 | _aThechniques agricoles et productions tropicales: 1 | |
| 590 |
_aBATCH-UPD _b10 _c20130110 _lUCH01 _h0044 |
||
| 590 |
_aBATCH-UPD _b10 _c20130110 _lUCH01 _h1346 |
||
| 590 |
_aBATCH-UPD _b10 _c20130410 _lUCH01 _h0844 |
||
| 590 |
_aBATCH-UPD _b10 _c20130914 _lUCH01 _h0918 |
||
| 590 |
_aCONVERSION _b10 _c20130109 _lUCH01 _h1307 |
||
| 650 | 1 | 4 |
_aPlátano. _989202 |
| 830 | 0 |
_aThechniques agricoles et productions tropicales: 1 _9112736 |
|
| 901 | _aBK | ||
| 942 | _cLIBRO | ||
| 949 |
_a634.772 C4 _bBC _cLIBRO _d-22836 _eLIBRO _h23330 _i10870 _si |
||
| 949 |
_a634.772 C4 _bBC _cLIBRO _d-22837 _eLIBRO _fc.2 _h23331 _i10870 _si |
||
| 999 |
_c10659 _d10659 |
||